000 00628nam a22001817a 4500
005 20251108165232.0
008 250721s1999 xx 000 0 ara d
082 1 4 _a915.6/خفا
100 1 _aالخفاف، عبد علي
245 1 0 _aالوطن العربي :
_bأرضه - سكانه - موارده /
264 1 _aعمان :
_bدار الفكر العربي للطباعة و النشر و التوزيع،
_c1999.
300 _a512ص
650 1 7 _aالبلدان العربية
650 1 7 _aالجغرافيا الإقليمية
650 1 7 _aالجغرافيا البشرية
942 _2ddc
_cBK
999 _c22875
_d22875